Statistics for Spongebob Locations

Click here to take the quiz!

General Stats

  • This quiz has been taken 53 times
  • The average score is 10 of 24

Answer Stats

Answer% Correct
Glove World
93%
Jellyfish Fields
90%
Rock Bottom
83%
Krusty Towers
66%
Salty Spitoon
59%
Tentacle Acres
59%
Enchanted Tiki Island
56%
Atlantis
51%
Krabby Land
49%
Nowhere
49%
Condo Island
46%
Mermalair
39%
Kelp Forest
37%
Mussel Beach
34%
Sea Needle
34%
Industrial Park
29%
New Kelp City
29%
Sand Mountain
24%
Cephalopod Lodge
22%
Fancy!
17%
Thug Tug
12%
Poseidome
7%
The End of the World Cafe and Gift Shop
7%
Inferno Island
2%

Score Distribution

Percentile by Number Answered

Percent of People with Each Score

Your Score History

You have not taken this quiz